000 00808nam a2200265Ia 4500
003 OSt
005 20220928125352.0
006 a|||||r|||| 00| 0
007 ta
008 220927b |||||||| |||| 00| 0 eng d
020 _cEURO 129.99
024 _a136899
037 _b828, 19/01/2018, Total Books India
_cTextual
040 _aSDCL
_cSDCL
_beng
041 _2eng
_aeng
082 _aB2891, Q7
100 _aPloskas Nikolaos
_9469392
245 0 _aLinear programming using MATLAB
260 _aSwitzerland
_bSpringer
_c2017
300 _axvii,637p.
_ccm.
650 _aApplied Operation Research
700 _a Samaras Nikolaos
_9469393
942 _hB2891, Q7
_cTEXL
_2CC
999 _c782054
_d782054